000 00578nam a2200241Ia 4500
003 OSt
005 20221005121201.0
006 a|||||r|||| 00| 0
007 ta
008 221004b |||||||| |||| 00| 0 eng d
024 _a58275
037 _cTextual
040 _aCRL
_cCRL
_beng
041 _2eng
_aeng
082 _aV2:25wM66, E5
100 _aParanjpye R P
_9139637
245 0 _aGopal Krishna Gokhale
250 _a2nd
260 _c1915
650 _aHISTORY
942 _hV2:25wM66, E5
_cTEXL
_2cc
999 _c1040396
_d1040396